Posúdenie vplyvu ťažobného priemyslu na životné prostredie

Posudzovanie vplyvu na životné prostredie. Kroky posudzovania vplyvov činností na životné prostredie, ich štruktúra a postupnosť v SR prostredníctvom postupu EIA. Obnoviteľné a neobnoviteľné prírodné zdroje. Vplyv ťažby na životné prostredie: dôsledky využívania horninového prostredia, environmentál...

Descripción completa

Guardado en:
Detalles Bibliográficos
Autor principal: Demko, Juraj
Otros Autores: Rozkošová, Anna
Formato: Capítulo de libro
Lenguaje:eslovaco
Materias:
Etiquetas: Agregar Etiqueta
Sin Etiquetas, Sea el primero en etiquetar este registro!

MARC

LEADER 00000nla a2200000 4500
001 0240513
005 20240502073917.4
041 0 |a slo 
044 |a SK 
245 1 0 |a Posúdenie vplyvu ťažobného priemyslu na životné prostredie  |c Juraj Demko, Anna Rozkošová 
520 |a Posudzovanie vplyvu na životné prostredie. Kroky posudzovania vplyvov činností na životné prostredie, ich štruktúra a postupnosť v SR prostredníctvom postupu EIA. Obnoviteľné a neobnoviteľné prírodné zdroje. Vplyv ťažby na životné prostredie: dôsledky využívania horninového prostredia, environmentálne záťaže, haldy a odkaliská, surovinová politika SR. 
610 2 0 |a prostredie životné 
610 2 0 |a ekológia 
610 2 0 |a politika ekologická 
610 2 0 |a priemysel ťažobný 
610 2 0 |a ťažba surovín 
610 2 0 |a ťažba nerastov 
610 2 0 |a suroviny 
610 2 0 |a suroviny nerastné 
610 2 0 |a Slovensko 
100 1 |a Demko, Juraj 
700 1 |a Rozkošová, Anna